India 1986 : (Record no. 516978)

000 -LEADER
fixed length control field 00391nam a22001217a 4500
082 ## - DEWEY DECIMAL CLASSIFICATION NUMBER
Classification number TNC A84X54 In2/ 1986
100 ## - MAIN ENTRY--PERSONAL NAME
Personal name Research and Reference Division
9 (RLIN) 23854
245 ## - TITLE STATEMENT
Title India 1986 :
Remainder of title A reference annual
Statement of responsibility, etc Research and Reference Division
260 ## - PUBLICATION, DISTRIBUTION, ETC. (IMPRINT)
Place of publication, distribution, etc New Delhi
Name of publisher, distributor, etc Division
Date of publication, distribution, etc 1987
300 ## - PHYSICAL DESCRIPTION
Extent 772p.
650 ## - SUBJECT ADDED ENTRY--TOPICAL TERM
Topical term or geographic name as entry element India - yearbook
9 (RLIN) 23855
650 ## - SUBJECT ADDED ENTRY--TOPICAL TERM
Topical term or geographic name as entry element India handbook, manuals etc.
9 (RLIN) 23856
Holdings
Withdrawn status Lost status Source of classification or shelving scheme Damaged status Koha normalized classification for sorting Not for loan Permanent location Current location Date acquired Full call number Barcode Date last seen Price effective from Koha item type
        TNC_A84X54_IN2_1986_000000000000000   Indian Institute of Public Administration Indian Institute of Public Administration 2021-03-31 TNC A84X54 In2/ 1986 GR23719 2021-03-31 2021-03-31 GR

Powered by Koha